Ľudivé umenie Goralov severného Spiša : (zborník prednášok z konferencie) /
Uložené v:
| Ďalší autori: | , |
|---|---|
| Médium: | Kniha |
| Jazyk: | Slovak Polish |
| Vydané: |
Levoča :
Polypress,
2005.
|
| Vydanie: | [1. vyd.] |
| Témy: | |
| ISBN: |
8096944630 (brož.) |
| Fyzický popis: |
96 s. : fotogr., il. ; 21 cm. |
| Tagy: |
Pridať tag
Žiadne tagy, Buďte prvý kto otaguje tento záznam!
|
Titul je dostupný aj v ... 

MARC
| LEADER | 00000nam a22000004a 4500 | ||
|---|---|---|---|
| 001 | 000325310 | ||
| 005 | 20081103080857.0 | ||
| 008 | 080717s2005 xo ao g 000 0 slo d | ||
| 020 | |a 8096944630 (brož.) | ||
| 040 | |a SVKKK |b slo |c SVKKK |e AACR2 | ||
| 041 | 0 | |a slo |a pol | |
| 043 | |a e-xo--- | ||
| 044 | |a xo |c SK | ||
| 072 | 7 | |a 94(437) |x Dejiny Česka a Slovenska |2 konspekt | |
| 072 | 7 | |a 39 |x Etnológia. Etnografia. Folklór |2 konspekt | |
| 080 | |a 7.031.4 |2 2001 | ||
| 080 | |a 39 |2 2001 | ||
| 080 | |a 316.4.063.3 |2 2001 | ||
| 080 | |a 005.591 |2 2001 | ||
| 080 | |a 94(437.6) |2 2001 | ||
| 080 | |a (062.534) |2 2001 | ||
| 245 | 0 | 0 | |a Ľudivé umenie Goralov severného Spiša : |b (zborník prednášok z konferencie) / |c [zostavovateľ: Štefan Bieľak, Sylvia Slavkovská]. |
| 250 | |a [1. vyd.] | ||
| 260 | |a Levoča : |b Polypress, |c 2005. | ||
| 300 | |a 96 s. : |b fotogr., il. ; |c 21 cm. | ||
| 366 | |e 200 výtl. | ||
| 500 | |a Vydané pre Mesto Spišská Belá | ||
| 504 | |a Bibl. odkazy | ||
| 546 | |a Čiast. text poľ. | ||
| 650 | 0 | 7 | |a ľudové umenie |2 SVKKKPH |
| 650 | 0 | 7 | |a ľudová kultúra |2 SVKKKPH |
| 650 | 0 | 7 | |a cezhraničná spolupráca |2 SVKKKPH |
| 650 | 0 | 7 | |a programy a projekty |2 SVKKKPH |
| 651 | 7 | |a Spiš (Slovensko) |2 SVKKKPH | |
| 651 | 7 | |a Spišská Belá (Slovensko) |x dejiny |2 SVKKKPH | |
| 655 | 7 | |a zborníky konferencií |2 SVKKKPH | |
| 700 | 1 | |a Bieľak, Štefan |4 com | |
| 700 | 1 | |a Slavkovská, Sylvia |4 com | |
| 910 | |a svkkk | ||
| 919 | |a 80-969446-3-0 | ||
| 998 | |a BK | ||
| 090 | |g SCKHL |k Sklad Hlavná 10 prízemie |a III.210623 |j 1000589 |i 2720111191 |s Absenčne | ||